Responses for Show #5207 - Tuesday, April 10, 2007

Contestants

[<< previous game]

David Haglund, a freelance writer originally from Belmont, Massachusetts

Kate Zimmermann, a prosecutor from Bakersfield, California

Susan Herder, a science teacher from St. Paul, Minnesota (whose 2-day cash winnings total $33,202)

[next game >>]

Jeopardy! Round responses

THE 3rd CENTURY B.C.
FROM PAGE TO SCREEN
FANTASTIC SCAMS
BRITISH AUTHORS
MSSNG VWLS
ROMANIA
    $200 24
(David: What is Alexandria?)

Athens

KateDavid
    $200 1
Flags of Our Fathers

David
    $200 16
stocks

David
    $200 10
Beatrix Potter

Kate
    $200 4
Uranus

Kate
    $200 11
the Black Sea

Susan
    $400 26
the Colossus of Rhodes

David
    $400 2
Harrison Ford

David
    $400 17
lotteries

David
    $400 12
(Aldous) Huxley

David
    $400 5
Utah

David
    $400 19
NATO

David
    $600 27
Alexandria

Kate
    $600 3
Annette Bening

Susan
    $600 18
gas mileage

Kate
    $600 13
Charles Dickens

Susan
    $600 8
neon

Susan
    $600 20
(Kate: What are the Caucasus?)

the Carpathians

Kate
Triple Stumper
    $800 28
the Earth

David
    $800 6
Jake Gyllenhaal

Susan
    $800 21
Oprah

David
    $800 14
the Brontës

David
    $800 9
Apache

David
    $800 25
the Danube

David
    $1000 29
Han

Triple Stumper
    $1,400 7
(Susan: What is Misery?)

Carrie

Susan
    $1000 22
Joey Buttafuoco

Susan
    $1000 15
(Alex: You're probably more familiar with War of the Worlds by [*].)

H.G. Wells

Triple Stumper
    $1000 23
Ethiopia

Susan
    $1000 30
Transylvania

Kate

Scores at the first commercial break (after clue 15):

Susan Kate David
$1,400 $400 $3,000

Scores at the end of the Jeopardy! Round:

Susan Kate David
$3,400 $2,200 $6,600

Double Jeopardy! Round responses

WELCOME TO OLE MISS
WOMEN IN SONG
VICE PRESIDENTS
STATELY MUSEUMS
(Alex: You have to identify the state.)
EPONYMOUS SCIENCE
"RO"MANIA
    $400 19
(David: Who is Sherman?)
...
(Alex: Sherman was in Georgia, [*] was at Vicksburg.)

Ulysses Grant

David
Triple Stumper
    $400 6
Maria

Susan
    $400 20
Nixon

David
    $400 11
Maryland

Kate
    $400 14
(James) Watt

David
    $400 1
Rogaine

David
    $800 7
Marian

Triple Stumper
    $800 21
Nelson Rockefeller

Triple Stumper
    $800 12
Kansas

David
    $800 15
(Heinrich) Hertz

Susan
    $800 2
roquefort

Kate
    $1200 8
Mary Jane

David
    $1200 22
(Walter) Mondale

Susan
    $1200 13
(David: What is New Mexico?)

Nevada

SusanDavid
    $3,000 16
(Susan: Who is Rutherford?)

Dmitri Mendeleev

Susan
    $1200 3
rodent

Kate
    $1600 28
(Kate: What is bluegrass?)
(Susan: What is folk music?)
...
[The end-of-round signal sounds.]

the blues

SusanKate
Triple Stumper
    $1600 9
Marie

Triple Stumper
    $1600 23
(David: Who is Johnson?)

Hannibal Hamlin

David
Triple Stumper
    $1600 25
Washington

Susan
    $1600 17
galvanometer

Triple Stumper
    $1600 4
rotary

Kate
    $2000 27
Faulkner

David
    $2000 10
Mary Lou

Kate
    $2000 24
Elbridge Gerry

David
    $2000 26
Connecticut

Susan
    $2000 18
James Clerk Maxwell

Triple Stumper
    $2,500 5
the Rosetta Stone

Kate

Scores at the end of the Double Jeopardy! Round:

Susan Kate David
$6,000 $9,100 $10,600

[wagering suggestions for these scores]

Final Jeopardy! Round responses

NOTABLE NAMES
(Alex: Born abroad, made a lot of money here, became a great philanthropist.)
SusanWho is J. P. Sousa?
$3,000
KateWho is Souza
$5,000
DavidWho is MacDonald?
$7,600
Andrew Carnegie

Final scores:

Susan Kate David
$3,000 $4,100 $3,000
3rd place: $1,000 New champion: $4,100 2nd place: $2,000

Game dynamics:

Coryat scores:

Susan Kate David
$10,400 $8,600 $10,600
13 R,
3 W
(including 2 DDs)
12 R
(including 1 DD),
2 W
20 R,
4 W

Combined Coryat: $29,600

[game clues] [game scores] [suggest correction]

Game tape date: 2007-01-30
The J! Archive is created by fans, for fans. Scraping, republication, monetization, and malicious use prohibited; this site may use cookies and collect identifying information. See terms. The Jeopardy! game show and all elements thereof, including but not limited to copyright and trademark thereto, are the property of Jeopardy Productions, Inc. and are protected under law. This website is not affiliated with, sponsored by, or operated by Jeopardy Productions, Inc. Join the discussion at JBoard.tv.